000 00353pam a2200157a 44500
008 230515b1981 xxu||||| |||| 00| 0 eng d
020 _aNULL
041 _aENGLISH
082 _aN.D.
100 _aNULL
245 _aIndian Std. Specification For Sine centres
250 _a0
260 _aNULL
_bIndian Std.
_c1981
300 _a3
650 _aNULL
999 _c574391
_d574391